| 000 | 00644nam a2200229 i 4500 | ||
|---|---|---|---|
| 001 | 13287 | ||
| 003 | ES-MaACL | ||
| 005 | 20230906150536.0 | ||
| 007 | t| | ||
| 008 | 980126s1997 sp ||||1| spa d | ||
| 020 | _a84-414-957-8 | ||
| 080 | _a956.944 J. | ||
| 100 | 1 |
_aSinclair, Andrew. _9106607 |
|
| 245 | 1 | 0 |
_aJerusalén _b: la cruzada interminable / _cAndrew Sinclair. |
| 260 |
_aMadrid : _bEdaf, _c[1997] |
||
| 300 |
_a306 p. ; _c23 cm. |
||
| 490 | 1 |
_aNuevos temas ; _v108 |
|
| 651 | 4 |
_aJerusalén- _vHistoria. _98889 |
|
| 830 | 0 |
_aNuevos temas ; _v108 _9228399 |
|
| 852 |
_aES-MaACL _jL-20638 _bR.126377 |
||
| 999 |
_c13287 _d13287 |
||